Online Catalogue and eLibrary

Yamar ematar emantan yar (Record no. 960)

MARC details
000 -LEADER
fixed length control field 00390nam a2200157Ia 4500
005 - DATE AND TIME OF LATEST TRANSACTION
control field 20250429070513.0
008 - FIXED-LENGTH DATA ELEMENTS--GENERAL INFORMATION
fixed length control field 240331s9999 xx 000 0 und d
020 ## - INTERNATIONAL STANDARD BOOK NUMBER
ISBN 981002664
082 ## - DDC Classification
Class No. 291.5
Item Number - Author Mark MUR
100 ## - MAIN ENTRY--PERSONAL NAME
Personal name Murugaiyan, V
245 #0 - TITLE STATEMENT
Title Yamar ematar emantan yar
260 ## - PUBLICATION, DISTRIBUTION, ETC.
Place of publication, distribution, etc. Singapore
Name of publisher, distributor, etc. Dr, M. Vasanthakumar Murukaiyan
Date of publication, distribution, etc. 1991
300 ## - PHYSICAL DESCRIPTION
Extent (e.g. Volumes, Pages etc.) 167 p .,
650 ## - SUBJECT ADDED ENTRY--TOPICAL TERM
Topical term or geographic name entry element Religion
942 ## - Koha item type (Biblio)
Koha item type Books in Stacks (Lending)
Holdings
Lost status Damaged status Collection code Home library Current library Shelving location Date acquired Full call number Accession Number Item type
    Lending WERC Library WERC Library Social Science Cupboard 03/31/2024 291.5 MUR 2093 Books in Stacks (Lending)

© WERC Library